000
00329 a2200157 4500
001
72121
020
_a
8506008824
040
_c
Anchieta - Colégio São Paulo
100
_a
Stewart, Diana
240
1
0
_a
Odisséia
_l
por
245
1
0
_a
Odisséia
300
_a
48
362
0
_a
1981
650
4
_a
Literatura juvenil
942
_c
BK
999
_c
72121
_d
72121